000 00534nmm a2200193Ia 4500
008 251105s9999||||xx |||||||||||||||||und||
020 _a 9788498797121
041 _aspa
100 _ade Ávila, Prisciliano
245 0 _aTratados
264 _a[Madrid, España] :
_bTrotta Editorial,
_c2017
300 _a304 páginas
490 _aTorre del Aire
650 _aReligion(s)
700 _ade Ávila, Prisciliano
700 1 _a Crespo, Manuel José
856 _uhttps://public.digitaliapublishing.com/a/128794
942 _cCF
999 _c64498
_d64498